Catalog

Record Details

Catalog Search



Available copies

  • 4 of 5 copies available at LARL/NWRL Consortium.
  • 1 of 1 copy available at Northwest Regional Library. (Show preferred library)

Current holds

0 current holds with 5 total copies.

Show Only Available Copies
Location Call Number / Copy Notes Barcode Shelving Location Status Due Date
Warroad Public Library j MAY (Text) 35500006921959 Main Available -
Bagley Public Library J MAY (Text) 33500014075766 Main Available -
Detroit Lakes Public Library J MAY (Text) 33500013947676 Main Available -
Fosston Public Library J MAY (Text) 33500014075758 Main Checked out 05/26/2026
Mahnomen Public Library J MAY (Text) 33500014064414 Main Available -

Record details

  • ISBN: 9781338877632
  • ISBN: 1338877631
  • ISBN: 9781338877649
  • ISBN: 133887764X
  • Physical Description: 72 pages : color illustrations ; 21 cm.
  • Edition: First edition.
  • Publisher: New York : Scholastic Inc., [2024]

Content descriptions

Summary, etc.:
Bub is a star with a basketball and a pug level ... Read More
Target Audience Note:
Ages 6-8. Scholastic Inc.
Grades K-1. Scholastic Inc.
Subject: Pug > Juvenile fiction.
Dogs > Juvenile fiction.
Human-animal relationships > Juvenile fiction.
Basketball players > Juvenile fiction.
Diaries > Juvenile fiction.
Basketball stories.
Pug > Fiction.
Dogs > Fiction.
Basketball > Fiction.
Human-animal relationships > Fiction.
Diaries > Fiction.
Humorous stories.
Genre: Sports fiction.
Animal fiction.
Humorous fiction.
Diary fiction.
LDR 03369cam a22008658i 4500
001446495
003LARL_NWRL_CONSORTIUM
00520240926192155.0
008230801t20242024nyua b 000 1 eng
010 . ‡a 2023034899
040 . ‡aNJQ/DLC ‡beng ‡erda ‡cDLC ‡dOCLCO ‡dBDX ‡dOCLCF ‡dOCLCO ‡dCHILD ‡dZGY ‡dJBI ‡dOCLCO ‡dGO6 ‡dOCLCO ‡dRNL ‡dOCLCO
019 . ‡a1454052151
020 . ‡a9781338877632 ‡q(paperback)
020 . ‡a1338877631 ‡q(paperback)
020 . ‡a9781338877649 ‡q(library binding)
020 . ‡a133887764X ‡q(library binding)
020 . ‡z9781338877656 ‡q(ebook)
035 . ‡a(OCoLC)1393097342 ‡z(OCoLC)1454052151
042 . ‡apcc
08204. ‡a813.6 ‡aFic ‡223/eng/20230801
1001 . ‡aMay, Kyla, ‡eauthor, ‡eillustrator. ‡1https://id.oclc.org/worldcat/entity/E39PCjt9fcKfGwXfCdBJK44QFX ‡0(LARL_NWRL_CONSORTIUM)192140
24510. ‡aPug the sports star / ‡cby Kyla May.
250 . ‡aFirst edition.
264 1. ‡aNew York : ‡bScholastic Inc., ‡c[2024]
264 4. ‡c©2024.
300 . ‡a72 pages : ‡bcolor illustrations ; ‡c21 cm.
336 . ‡atext ‡btxt ‡2rdacontent
336 . ‡astill image ‡bsti ‡2rdacontent
337 . ‡aunmediated ‡bn ‡2rdamedia
338 . ‡avolume ‡bnc ‡2rdacarrier
4900 . ‡aDiary of a pug ; ‡v11
520 . ‡aBub is a star with a basketball and a pug level hoop--but now Bella wants him to teach the other dogs the same trick, and Bub is not sure he wants to be in the spotlight.
521 . ‡aAges 6-8. ‡bScholastic Inc.
521 . ‡aGrades K-1. ‡bScholastic Inc.
650 0. ‡aPug ‡vJuvenile fiction.
650 0. ‡aDogs ‡vJuvenile fiction. ‡0(LARL_NWRL_CONSORTIUM)164650
650 0. ‡aHuman-animal relationships ‡vJuvenile fiction. ‡0(LARL_NWRL_CONSORTIUM)169688
650 0. ‡aBasketball players ‡vJuvenile fiction.
650 0. ‡aDiaries ‡vJuvenile fiction. ‡0(LARL_NWRL_CONSORTIUM)171810
650 0. ‡aBasketball stories. ‡0(LARL_NWRL_CONSORTIUM)14717
650 1. ‡aPug ‡vFiction.
650 1. ‡aDogs ‡vFiction. ‡0(LARL_NWRL_CONSORTIUM)164539
650 1. ‡aBasketball ‡vFiction. ‡0(LARL_NWRL_CONSORTIUM)175886
650 1. ‡aHuman-animal relationships ‡vFiction. ‡0(LARL_NWRL_CONSORTIUM)165684
650 1. ‡aDiaries ‡vFiction. ‡0(LARL_NWRL_CONSORTIUM)168979
650 1. ‡aHumorous stories. ‡0(LARL_NWRL_CONSORTIUM)22555
655 7. ‡aSports fiction. ‡2lcgft
655 7. ‡aAnimal fiction. ‡2lcgft
655 7. ‡aHumorous fiction. ‡2lcgft
655 7. ‡aDiary fiction. ‡2lcgft
77608. ‡iOnline version: ‡aMay, Kyla. ‡tPug the sports star ‡bFirst edition. ‡dNew York : Branches/Scholastic Inc., 2024 ‡z9781338877656 ‡w(DLC) 2023034900
905 . ‡uvanderl
901 . ‡a446495 ‡bAUTOGEN ‡c446495 ‡tbiblio ‡soclc

Additional Resources